00315nam a2200121Ia 4500008004100000040001600041041001200057082001800069100002300087245003900110260002600149300001800175230917s9999||||xx |||||||||||||| ||und|| e65770aMAIN aEnglish a891.2109 S23B aSharma, Raghu Nath 0aBhakti in the vaisnava rasa-sastra aDelhibPratibhac1996 axxxii, 456 p.